Score 0/15 Timer 03:00
0 Plays Today
Scrambled Term Unscrambled Term % Correct
RIONIron
97.2%
RRIEDVDriver
88.1%
DANS GEWEDSand wedge
87.8%
ERIBIDBirdie
86.8%
GENERGreen
85.7%
GEBOYBogey
84.5%
LEEGAEagle
78.6%
DRAZHAHazard
76.6%
Scrambled Term Unscrambled Term % Correct
CEILSSlice
75.2%
IYWRAFAFairway
74.5%
VODTIDivot
74.3%
DACDEICaddie
65.2%
KUEBRNBunker
62.4%
KEOSRTStroke
60.3%
PHICANADHandicap
36.1%
Remove Ads.
Support Sporcle.
Get the best of Sporcle when you Go Orange. This ad-free experience offers more features, more stats, and more fun while also helping to support Sporcle. Thank you for becoming a member.

You're not logged in!

Compare scores with friends on all Sporcle quizzes.
OR
Log In

Show Comments

Extras

Top Quizzes Today


Score Distribution

Your Account Isn't Verified!

In order to create a playlist on Sporcle, you need to verify the email address you used during registration. Go to your Sporcle Settings to finish the process.

Report this User

Report this user for behavior that violates our Community Guidelines.

Details: